Marvel Rivals Duelists - Statistics

General Stats
  • This quiz has been taken 124 times
    123 since last reset
  • The average score is 14 of 17
Answers on the Grid
Answers color-coded by a green-red scale on the quiz's grid according to % correct below.
Spider-man
Thor
Hawkeye
Black Widow
Mr Fantastic
War Machine
Nick Fury
Human Torch
Gamora
Captain America
Daredevil
Magik
Squirrel Girl
Drax
Wolverine
Namor
Cyclops
Gambit
Iron Fist
Star Lord
Dr Strange
Psylocke
Emma Frost
Storm
Ant-man
Captain Marvel
Hela
Ultron
Iron Man
Black Panther
 
Answer Stats
Answer % Correct
Spider-man
98%
Black Widow
90%
Namor
85%
Squirrel Girl
85%
Wolverine
85%
Daredevil
84%
Magik
84%
Hawkeye
83%
Mr Fantastic
81%
Human Torch
80%
Iron Fist
80%
Psylocke
79%
Iron Man
75%
Star Lord
75%
Black Panther
74%
Hela
74%
Storm
73%
No matching quizzes found
Score Distribution
Percent of People with Each Score
Percentile by Number Answered
Your Score History
You have not taken this quiz since the last reset